Central Library OPAC University of Rajshahi

Principles of insect morphology / (Record no. 66040)

MARC details
000 -LEADER
fixed length control field 00853nam a2200253 a 4500
001 - CONTROL NUMBER
control field 66040
003 - CONTROL NUMBER IDENTIFIER
rucl marc code BD-RjUL
005 - DATE AND TIME OF LATEST TRANSACTION
control field 20211209081508.0
008 - FIXED-LENGTH DATA ELEMENTS--GENERAL INFORMATION
fixed length control field 170313s nyua b 001 0 eng
020 ## - INTERNATIONAL STANDARD BOOK NUMBER
International Standard Book Number 0801428831 (alk. paper)
International Standard Book Number 0801481252 (alk. paper)
035 ## - SYSTEM CONTROL NUMBER
System control number (BD-RjUL)66170
040 ## - CATALOGING SOURCE
Original cataloging agency DLC
Transcribing agency DLC
Modifying agency BD-RjUL
Language of cataloging eng
041 ## - LANGUAGE CODE
Language code of text/sound track or separate title eng
082 00 - DEWEY DECIMAL CLASSIFICATION NUMBER
Classification number 595.7
Edition number 23
Author mark and year SNP 1935
100 1# - MAIN ENTRY--PERSONAL NAME
Personal name Snodgrass, R. E.
Fuller form of name (Robert E.),
Dates associated with a name 1875-1962.
9 (RLIN) 195341
245 10 - TITLE STATEMENT
Title Principles of insect morphology /
Statement of responsibility, etc. by R.E. Snodgrass ; with a new foreword by George C. Eickwort.
260 ## - PUBLICATION, DISTRIBUTION, ETC. (IMPRINT)
Place of publication, distribution, etc. London :
Name of publisher, distributor, etc. Cornell University Press,
Date of publication, distribution, etc. 1935
300 ## - PHYSICAL DESCRIPTION
Pagination xiv, 667 p. :
Illustrations ill. ;
Size 24 cm.
504 ## - BIBLIOGRAPHY, ETC. NOTE
Bibliography, etc Includes bibliographical references (p. 625-646) and index.
650 #0 - SUBJECT ADDED ENTRY--TOPICAL TERM
Topical term or geographic name as entry element Insects
General subdivision Morphology.
9 (RLIN) 195342
Topical term or geographic name as entry element Insects
General subdivision Anatomy.
9 (RLIN) 195343
942 ## - ADDED ENTRY ELEMENTS (KOHA)
Source of classification or shelving scheme Dewey Decimal Classification
Koha item type Books
Holdings
Lost status Source of classification or shelving scheme Damaged status Not for loan Collection code Permanent Location Current Location Shelving location Date acquired Source of acquisition Cost, normal purchase price Total Checkouts Full call number Date last seen Copy number Koha item type Date checked out
  Dewey Decimal Classification   Not For Loan Non-fiction Central Library, University of Rajshahi Central Library, University of Rajshahi Reading Room 01/04/1967 Book view 90.00   595.7 SNP 1935 13/03/2017 C-1 Books  
  Dewey Decimal Classification     Non-fiction Central Library, University of Rajshahi Central Library, University of Rajshahi   01/04/1967 Book view 90.00 1 595.7 SNP 1935 19/06/2025 C-2 Books 21/05/2025
  Dewey Decimal Classification     Non-fiction Central Library, University of Rajshahi Central Library, University of Rajshahi   01/04/1967 Book view 90.00   595.7 SNP 1935 22/01/2019 C-3 Books  
  Dewey Decimal Classification     Non-fiction Central Library, University of Rajshahi Central Library, University of Rajshahi   23/11/1974 Janathan ware & co. 8.90   595.7 SNP 1935 06/02/2019 C-4 Books  
  Dewey Decimal Classification     Non-fiction Central Library, University of Rajshahi Central Library, University of Rajshahi   01/04/1967 Book View, Dhaka 90.00   595.7 SNP 1935 05/03/2020 C-5 Books